Schreiner, Helmuth, Die Verkündigung des Wortes Gottes: [Rezension]

Gespeichert in:  
Bibliographische Detailangaben
1. VerfasserIn: Doerne, Martin 1900-1970 (Verfasst von)
Medienart: Druck Rezension
Sprache:Deutsch
Verfügbarkeit prüfen: HBZ Gateway
Fernleihe:Fernleihe für die Fachinformationsdienste
Veröffentlicht: 1939
In: Theologisches Literaturblatt
Jahr: 1939, Band: 60, Heft: 3, Seiten: 44-47
Rezension von:Die Verkündigung des Wortes Gottes (Schwerin (Meckl.) : Bahn, 1938) (Doerne, Martin)
weitere Schlagwörter:B Rezension
Parallele Ausgabe:Elektronisch

MARC

LEADER 00000caa a2200000 c 4500
001 1469771330
003 DE-627
005 20240705203915.0
007 tu
008 140116s1939 xx ||||| o 00| ||ger c
035 |a (DE-627)1469771330 
035 |a (DE-576)399771336 
035 |a (DE-599)BSZ399771336 
040 |a DE-627  |b ger  |c DE-627  |e rakwb 
041 |a ger 
084 |a 1  |2 ssgn 
100 1 |0 (DE-588)118680110  |0 (DE-627)079463185  |0 (DE-576)160758416  |4 aut  |a Doerne, Martin  |d 1900-1970 
109 |a Doerne, Martin 1900-1970  |a Doerne, Martin Bernhard Gotthelf 1900-1970  |a Doerne, Martin Bernhard Gotthelf Theobalt 1900-1970  |a Doerne, Martin Bernhard Gotthelf Theobald 1900-1970  |a Dörne, Martin 1900-1970 
245 1 0 |a Schreiner, Helmuth, Die Verkündigung des Wortes Gottes  |b [Rezension]  |c Martin Doerne 
264 1 |c 1939 
336 |a Text  |b txt  |2 rdacontent 
337 |a ohne Hilfsmittel zu benutzen  |b n  |2 rdamedia 
338 |a Band  |b nc  |2 rdacarrier 
601 |a Schrein 
601 |a Verkündigung 
601 |a Wort Gottes 
601 |a Rezension 
655 7 |a Rezension  |0 (DE-588)4049712-4  |0 (DE-627)106186019  |0 (DE-576)209083166  |2 gnd-content 
773 0 8 |i In  |t Theologisches Literaturblatt  |d Leipzig : Dörffling & Franke, 1880  |g 60(1939), 3, Seite 44-47  |w (DE-627)167346571  |w (DE-600)502241-1  |w (DE-576)015634965  |7 nnas 
773 1 8 |g volume:60  |g year:1939  |g number:3  |g pages:44-47 
776 0 8 |i Erscheint auch als  |n Online-Ausgabe  |a Doerne, Martin, 1900 - 1970  |t Schreiner, Helmuth, Die Verkündigung des Wortes Gottes  |d 1939  |w (DE-627)1520783140  |w (DE-576)450783146  |k Electronic 
787 0 8 |i Rezension von  |a Schreiner, Helmuth, 1893 - 1962  |t Die Verkündigung des Wortes Gottes  |b 3. und 4. Aufl.  |d Schwerin (Meckl.) : Bahn, 1938  |h 413 S.  |w (DE-627)1124459979  |w (DE-576)054459974 
951 |a AR 
ELC |b 1 
ITA |a 1  |t 1 
LOK |0 000 xxxxxcx a22 zn 4500 
LOK |0 001 2780339411 
LOK |0 003 DE-627 
LOK |0 004 1469771330 
LOK |0 005 20140116140104 
LOK |0 008 140116||||||||||||||||ger||||||| 
LOK |0 040   |a DE-21  |c DE-627  |d DE-21 
LOK |0 852   |a DE-21 
LOK |0 852 1  |c Gd 107 b.4-60.1939  |9 00 
LOK |0 935   |a ixrz  |a theo 
LOK |0 939   |a 16-01-14  |b l01 
ORI |a SA-MARC-ixtheoa001.raw